Formation of catalytically active copper nanoparticles in natural zeolites for complete oxidation of hydrocarbons; International Journal of Modern Physics B; Vol. 19, № 15-17

Dades bibliogràfiques
Parent link:International Journal of Modern Physics B.— , 1987-
Vol. 19, № 15-17.— 2005.— P. 2333-2338
Altres autors: Petranovskii V. P., Pestryakov A. N. Aleksey Nikolaevich, Kazantseva L. K., Castillon Barraza F. F., Farías M. H.
Sumari:Special issue: Conference on Cluster Science and Nanotechnology; Nanjing, China, September 6-10, 2004; Lanzhou, China, September 12-15, 2004
Copper catalysts for complete oxidation of hydrocarbons supported on natural zeolites of differentstructure and origin were prepared by ion-exchange procedure. The catalytic experiments demonstrate thatthe temperature of beginning of hydrocarbons conversion is in the range of 170-300° C, depending on thecomposition of the catalyst. The complete conversion can be observed for both zeolites, depending(probably) on Si/Al ratio of the zeolite matrix. Different states of the copper have been identified by themethods of UV-VIS and XPS spectroscopies and TPR by hydrogen. Whereas no changes in XRD and 27AlMAS NMR was observed under condition of catalytic runs, that supports conclusion about stability ofbulk material, XPS spectroscopy reveals significant altering in surface composition under differenttreatments due to appearance of complicated nano-species of copper, which are responsible for catalyticactivity.
В фонде НТБ ТПУ отсутствует
Idioma:anglès
Publicat: 2005
Matèries:
Format: MixedMaterials Capítol de llibre
KOHA link:https://koha.lib.tpu.ru/cgi-bin/koha/opac-detail.pl?biblionumber=599088

MARC

LEADER 00000naa0a2200000 4500
001 599088
005 20250415165717.0
035 |a (RuTPU)RU\TPU\tpu\22936 
035 |a RU\TPU\tpu\22935 
090 |a 599088 
100 |a 20130325d2005 k||y0rusy50 ba 
101 0 |a eng 
102 |a SG 
200 1 |a Formation of catalytically active copper nanoparticles in natural zeolites for complete oxidation of hydrocarbons  |f V. P. Petranovskii [et al.] 
300 |a Special issue: Conference on Cluster Science and Nanotechnology; Nanjing, China, September 6-10, 2004; Lanzhou, China, September 12-15, 2004 
320 |a References: p. 2338 (23 tit.) 
330 |a Copper catalysts for complete oxidation of hydrocarbons supported on natural zeolites of differentstructure and origin were prepared by ion-exchange procedure. The catalytic experiments demonstrate thatthe temperature of beginning of hydrocarbons conversion is in the range of 170-300° C, depending on thecomposition of the catalyst. The complete conversion can be observed for both zeolites, depending(probably) on Si/Al ratio of the zeolite matrix. Different states of the copper have been identified by themethods of UV-VIS and XPS spectroscopies and TPR by hydrogen. Whereas no changes in XRD and 27AlMAS NMR was observed under condition of catalytic runs, that supports conclusion about stability ofbulk material, XPS spectroscopy reveals significant altering in surface composition under differenttreatments due to appearance of complicated nano-species of copper, which are responsible for catalyticactivity. 
333 |a В фонде НТБ ТПУ отсутствует 
461 |t International Journal of Modern Physics B  |d 1987- 
463 |t Vol. 19, № 15-17  |v P. 2333-2338  |d 2005 
610 1 |a труды учёных ТПУ 
701 1 |a Petranovskii  |b V. P. 
701 1 |a Pestryakov  |b A. N.  |c Chemist  |c Professor of Tomsk Polytechnic University, Doctor of Chemical Science  |f 1963-  |g Aleksey Nikolaevich  |3 (RuTPU)RU\TPU\pers\30471  |4 070  |9 14796 
701 1 |a Kazantseva  |b L. K. 
701 1 |a Castillon Barraza  |b F. F. 
701 1 |a Farías  |b M. H. 
801 1 |a RU  |b 63413507  |c 20130226 
801 2 |a RU  |b 63413507  |c 20130325  |g RCR 
850 |a 63413507 
942 |c CR